| 000 | 00323nam a22000977a 4500 | ||
|---|---|---|---|
| 003 | SGT | ||
| 245 | _aINTERNATIONAL JOURNAL OF COMPUTATIONAL MATHEMATICS AND NUMERICAL SIMULATION | ||
| 260 |
_aKHURDA _bSHANTANU K PANDA & R.N SATPATHY HI - TECH INSTITUTE OF TECHNOLOGY INDUSTRIAL ESTATE. _c2010 |
||
| 300 | _a74 | ||
| 942 |
_2ddc _cBV |
||
| 999 |
_c20178 _d20178 |
||